Internationales und Ausländischen recht.

Uložené v:
Podrobná bibliografia
Médium: Kniha
Jazyk:German
Vydané: Berlin : Vahlen, 1914.
Fyzický popis: 1684 strán.
Tagy: Pridať tag
Žiadne tagy, Buďte prvý kto otaguje tento záznam!

MARC

LEADER 00000nam a22000002i 4500
001 000688983
005 20221205102622.0
008 221205s1914 gw e 000 0 ger d
020 |c Kčs 80,00  |q (viazané) 
040 |a SVKKK  |b slo  |c SVKKK  |e rda 
245 0 0 |a Internationales und Ausländischen recht. 
264 1 |a Berlin :  |b Vahlen,  |c 1914. 
300 |a 1684 strán. 
336 |a text  |b txt  |2 rdacontent 
337 |a bez média  |b n  |2 rdamedia 
338 |a zväzok  |b nc  |2 rdacarrier 
500 |a Záznam revízie 
910 |a svkkk 
998 |a BK 
090 |g SCKHL  |k Sklad Pribinova 3. posch.  |a V.11366  |j 113433  |i 2720795074  |s Prezenčne